[Event "4NCL Division 1c"]
[Site "Birmingham, ENG"]
[Date "2016.05.01"]
[Round "10.132"]
[White "Hunt, Harriet V"]
[Black "Collins, Sam E"]
[Result "0-1"]
[WhiteElo "2449"]
[BlackElo "2439"]
[PlyCount "74"]
[EventDate "2016.05.01"]
[WhiteTeam "Blackthorne Russia"]
[BlackTeam "Barbican 4NCL 1"]

1. e4 e5 2. Nf3 Nc6 3. Bb5 a6 4. Ba4 Nf6 5. O-O Be7 6. Re1 b5 7. Bb3 O-O 8. h3
Bb7 9. d3 d5 10. exd5 Nxd5 11. Nxe5 Nxe5 12. Rxe5 Qd6 13. Re1 Rae8 14. Nd2 c5
15. a4 c4 16. Ne4 Qc7 17. dxc4 bxc4 18. Ba2 Nb4 19. Bd2 Qc6 20. f3 Nxa2 21.
Rxa2 f5 22. Nc3 Bh4 23. Rxe8 Rxe8 24. Ra1 g5 25. Qf1 g4 26. hxg4 Qc5+ 27. Kh1
fxg4 28. Ne4 Bxe4 29. fxe4 Rxe4 30. Bh6 Bf2 31. g3 Qh5+ 32. Kg2 Qh3+ 33. Kxf2
Qh2+ 34. Qg2 Re2+ 35. Kxe2 Qxg2+ 36. Ke3 Qf3+ 37. Kd2 Qf2+ 0-1

[Event "4NCL Division 1c"]
[Site "Birmingham, ENG"]
[Date "2016.05.01"]
[Round "10.133"]
[White "Griffiths, Ryan Rhys"]
[Black "Ledger, Andrew J"]
[Result "1/2-1/2"]
[WhiteElo "2351"]
[BlackElo "2379"]
[PlyCount "54"]
[EventDate "2016.05.01"]
[WhiteTeam "Barbican 4NCL 1"]
[BlackTeam "Blackthorne Russia"]

1. d4 Nf6 2. c4 e6 3. Nc3 Bb4 4. e3 O-O 5. Nge2 c6 6. a3 Ba5 7. Ng3 d5 8. Qc2
Nbd7 9. Be2 dxc4 10. Bxc4 e5 11. O-O exd4 12. exd4 Nb6 13. Ba2 Nbd5 14. Bb1 Re8
15. Bg5 h6 16. Bd2 Bb6 17. Qd3 Nxc3 18. Bxc3 Be6 19. Bc2 Qd5 20. Rad1 Rad8 21.
Rfe1 g6 22. h3 Bc7 23. Re3 Qc4 24. Ne4 Nxe4 25. Qxe4 Qd5 26. Rde1 Qxe4 27. Rxe4
Bd7 1/2-1/2

[Event "4NCL Division 1c"]
[Site "Birmingham, ENG"]
[Date "2016.05.01"]
[Round "10.134"]
[White "Ansell, Simon T"]
[Black "Sanders, Isaac B"]
[Result "1/2-1/2"]
[WhiteElo "2356"]
[BlackElo "2353"]
[PlyCount "76"]
[EventDate "2016.05.01"]
[WhiteTeam "Blackthorne Russia"]
[BlackTeam "Barbican 4NCL 1"]

1. e4 e6 2. d4 d5 3. Nd2 Nc6 4. Ngf3 Nf6 5. e5 Nd7 6. Nb3 Be7 7. Bb5 a5 8. a4
Nb4 9. c3 c6 10. Be2 Na6 11. O-O O-O 12. Bd2 b6 13. Nc1 Nc7 14. Nd3 Ba6 15. Be3
b5 16. Nc5 Nxc5 17. dxc5 bxa4 18. Rxa4 Bb5 19. Rg4 Bxe2 20. Qxe2 Kh8 21. Qd3 f5
22. exf6 gxf6 23. Re1 e5 24. Qf5 Qc8 25. Nh4 Qxf5 26. Nxf5 Rf7 27. f4 Ne6 28.
fxe5 fxe5 29. Nxe7 Rxe7 30. Bf2 Rg7 31. Rxg7 Kxg7 32. Rxe5 Kf6 33. Re2 Rb8 34.
Bh4+ Kf7 35. Rf2+ Kg7 36. Bf6+ Kg8 37. Be7 Rb7 38. Bd6 Rb5 1/2-1/2

[Event "4NCL Division 1c"]
[Site "Birmingham, ENG"]
[Date "2016.05.01"]
[Round "10.135"]
[White "Jackson, James P"]
[Black "Bates, Richard A"]
[Result "1/2-1/2"]
[WhiteElo "2348"]
[BlackElo "2321"]
[PlyCount "58"]
[EventDate "2016.05.01"]
[WhiteTeam "Barbican 4NCL 1"]
[BlackTeam "Blackthorne Russia"]

1. e4 c5 2. Ne2 d6 3. g3 d5 4. Bg2 dxe4 5. Nbc3 Nf6 6. Nxe4 Nxe4 7. Bxe4 Nc6 8.
d3 e5 9. O-O Bg4 10. Be3 Be7 11. Qd2 O-O 12. f4 Nd4 13. Nc3 exf4 14. Bxf4 Qd7
15. Rae1 Rae8 16. Nd5 Bd8 17. c3 f5 18. Bg2 Rxe1 19. Qxe1 Re8 20. Qb1 Ne2+ 21.
Kh1 Nxf4 22. Nxf4 g5 23. Nd5 Re2 24. c4 f4 25. gxf4 Bh3 26. Rg1 Rxg2 27. Rxg2
Bxg2+ 28. Kxg2 Qg4+ 29. Kf2 Qh4+ 1/2-1/2

[Event "4NCL Division 1c"]
[Site "Birmingham, ENG"]
[Date "2016.05.01"]
[Round "10.136"]
[White "Webb, Laurence E"]
[Black "Grafl, Florian"]
[Result "0-1"]
[WhiteElo "2272"]
[BlackElo "2398"]
[PlyCount "86"]
[EventDate "2016.05.01"]
[WhiteTeam "Blackthorne Russia"]
[BlackTeam "Barbican 4NCL 1"]

1. d4 f5 2. g3 Nf6 3. Bg2 g6 4. Nd2 Bg7 5. e4 fxe4 6. Nxe4 Nxe4 7. Bxe4 d5 8.
Bg2 Nc6 9. c3 e5 10. dxe5 Nxe5 11. Bf4 c6 12. Bxe5 Bxe5 13. Nf3 Bf6 14. Qe2+
Qe7 15. Qxe7+ Kxe7 16. O-O Bd7 17. Rfe1+ Kd6 18. Rad1 b5 19. Nd2 Kc7 20. Nb3
Rae8 21. f4 Kb6 22. Kf2 a5 23. a3 g5 24. fxg5 Bxg5 25. Rxe8 Rxe8 26. Re1 a4 27.
h4 Bh6 28. Nd4 Rxe1 29. Kxe1 Bc1 30. Nc2 Bxb2 31. Kd2 Bf5 32. Bf1 Bxc2 33. Kxc2
Bxa3 34. g4 h6 35. g5 hxg5 36. hxg5 Be7 37. g6 Bf6 38. Bd3 c5 39. Bf5 c4 40.
Be6 Kc6 41. Bf7 a3 42. Be6 b4 43. cxb4 a2 0-1

[Event "4NCL Division 1c"]
[Site "Birmingham, ENG"]
[Date "2016.05.01"]
[Round "10.137"]
[White "D'Costa, Lorin A R"]
[Black "Ledger, Dave J"]
[Result "1-0"]
[WhiteElo "2396"]
[BlackElo "2234"]
[PlyCount "61"]
[EventDate "2016.05.01"]
[WhiteTeam "Barbican 4NCL 1"]
[BlackTeam "Blackthorne Russia"]

1. d4 Nf6 2. c4 g6 3. Nc3 Bg7 4. e4 d6 5. h3 O-O 6. Be3 e5 7. d5 Na6 8. g4 c6
9. Nf3 cxd5 10. cxd5 Bd7 11. Nd2 Ne8 12. Be2 f5 13. gxf5 gxf5 14. exf5 Bxf5 15.
Nde4 Nf6 16. Ng3 Qd7 17. Bb5 Qc8 18. Rc1 Bg6 19. Bd3 Qe8 20. Rg1 Nb4 21. Bf5
Nd7 22. Qg4 Nc5 23. Bxc5 dxc5 24. Bxg6 hxg6 25. Qe2 e4 26. Ngxe4 Bxc3+ 27. Rxc3
Rf4 28. Rg4 Nxd5 29. Rxf4 Nxf4 30. Nf6+ Kf7 31. Qxe8+ 1-0

[Event "4NCL Division 1c"]
[Site "Birmingham, ENG"]
[Date "2016.05.01"]
[Round "10.138"]
[White "Nelson, Jonathan P"]
[Black "Lauterbach, Ingrid"]
[Result "1-0"]
[WhiteElo "2175"]
[BlackElo "2116"]
[PlyCount "125"]
[EventDate "2016.05.01"]
[WhiteTeam "Blackthorne Russia"]
[BlackTeam "Barbican 4NCL 1"]

1. e4 c5 2. Nf3 e6 3. b3 Nc6 4. Bb2 d6 5. Bb5 Bd7 6. O-O a6 7. Bxc6 Bxc6 8. d4
Bxe4 9. Re1 Bxf3 10. Qxf3 d5 11. c4 Nf6 12. Nc3 cxd4 13. Nxd5 Bc5 14. Rad1 Nxd5
15. cxd5 O-O 16. Bxd4 Bxd4 17. Rxd4 exd5 18. Rxd5 Qc7 19. g3 Rad8 20. Red1 Rxd5
21. Qxd5 g6 22. Kg2 Rc8 23. Qd7 Qc6+ 24. Qxc6 Rxc6 25. Rd7 b6 26. Rb7 Rc2 27.
a4 Rc6 28. b4 a5 29. bxa5 bxa5 30. Rb5 Ra6 31. h4 h5 32. Kf3 Kf8 33. Ke4 Ke7
34. f4 Re6+ 35. Kd4 Rd6+ 36. Ke4 Re6+ 37. Kf3 Ra6 38. g4 hxg4+ 39. Kxg4 Kf6 40.
Rc5 Ra8 41. f5 gxf5+ 42. Rxf5+ Kg7 43. h5 Ra6 44. Rc5 Ra7 45. Kf4 Ra6 46. Ke4
Kf6 47. Rf5+ Ke6 48. Rg5 Kf6 49. Kf4 Ra8 50. Kg4 Ke6 51. h6 f6 52. Rg7 Rc8 53.
h7 Rc4+ 54. Kh3 Rc1 55. Kh2 Rc2+ 56. Rg2 Rc8 57. Rg8 Rc2+ 58. Kg1 Ra2 59. h8=Q
Rxa4 60. Qh3+ Ke5 61. Re8+ Kd6 62. Qe6+ Kc5 63. Rc8+ 1-0

[Event "4NCL Division 1c"]
[Site "Birmingham, ENG"]
[Date "2016.05.01"]
[Round "10.141"]
[White "Sarakauskas, Gediminas"]
[Black "Adair, James R"]
[Result "0-1"]
[WhiteElo "2416"]
[BlackElo "2474"]
[PlyCount "72"]
[EventDate "2016.05.01"]
[WhiteTeam "Guildford 2"]
[BlackTeam "White Rose 1"]

1. d4 Nf6 2. Nf3 e6 3. g3 b5 4. Bg2 Bb7 5. O-O c5 6. c3 Na6 7. Bg5 Be7 8. Nbd2
O-O 9. Re1 h6 10. Bxf6 Bxf6 11. e4 cxd4 12. cxd4 Rc8 13. Nb3 Qb6 14. a3 d6 15.
Qd3 Nb8 16. Rac1 a5 17. Bf1 a4 18. Nbd2 Ba6 19. e5 Be7 20. exd6 Qxd6 21. Ne4
Qb6 22. Nc5 Bxc5 23. dxc5 Rxc5 24. Qd4 Rfc8 25. Re5 Nd7 26. Rexc5 Rxc5 27. Rxc5
Nxc5 28. Qb4 Qc6 29. Nd4 Qd5 30. Bg2 Qc4 31. Bf1 Qd5 32. Bg2 Qc4 33. Bf1 Qc1
34. Ne2 Qg5 35. Nc3 Qf5 36. Nxb5 Nd3 0-1

[Event "4NCL Division 1c"]
[Site "Birmingham, ENG"]
[Date "2016.05.01"]
[Round "10.142"]
[White "Emms, John M"]
[Black "Hebden, Mark L"]
[Result "1/2-1/2"]
[WhiteElo "2463"]
[BlackElo "2489"]
[PlyCount "155"]
[EventDate "2016.05.01"]
[WhiteTeam "White Rose 1"]
[BlackTeam "Guildford 2"]

1. e4 e5 2. Nf3 Nc6 3. Bc4 Nf6 4. d4 exd4 5. O-O Nxe4 6. Re1 d5 7. Bxd5 Qxd5 8.
Nc3 Qa5 9. Nxe4 Be6 10. Neg5 O-O-O 11. Nxe6 fxe6 12. Rxe6 Bd6 13. Bg5 Rdf8 14.
Qe2 h6 15. Bh4 g5 16. Bg3 Bxg3 17. hxg3 Qd5 18. Re4 Rd8 19. Rd1 Qxa2 20. Nxd4
Nxd4 21. Rexd4 Rde8 22. Qb5 a6 23. Qc5 Kb8 24. Rd7 Qxb2 25. Qxc7+ Ka8 26. R1d6
Qa1+ 27. Rd1 Qb2 28. R1d6 Qa1+ 29. Kh2 Rb8 30. Qb6 Rhc8 31. c4 Qa4 32. c5 Qb5
33. Qxb5 axb5 34. Rd2 Rc6 35. Rb2 Ka7 36. Rxb5 Ka6 37. Rb2 Rxc5 38. Rd6+ Ka5
39. Rdb6 Rf5 40. f3 Rf7 41. Kh3 Rd7 42. Kg4 Rd2 43. R2b5+ Ka4 44. Rb1 Ka5 45.
R1b5+ Ka4 46. Rxb7 Rxb7 47. Rxb7 Rxg2 48. Kh3 Rf2 49. Rb6 Rxf3 50. Kg4 Rc3 51.
Rxh6 Kb5 52. Rf6 Ra3 53. Rf3 Ra8 54. Kxg5 Rg8+ 55. Kh5 Rh8+ 56. Kg6 Kc5 57. g4
Rg8+ 58. Kh5 Rh8+ 59. Kg5 Rg8+ 60. Kf4 Kd5 61. Re3 Rf8+ 62. Kg3 Rg8 63. Re1 Kd6
64. Re4 Kd5 65. Kf3 Rh8 66. Re7 Rf8+ 67. Kg3 Kd6 68. Re4 Kd5 69. Rf4 Rg8 70.
Rf6 Ke5 71. Ra6 Rh8 72. Rb6 Rh1 73. Rc6 Rh8 74. g5 Kf5 75. Rc5+ Kg6 76. Kg4 Rh1
77. Rc6+ Kg7 78. Rc7+ 1/2-1/2

[Event "4NCL Division 1c"]
[Site "Birmingham, ENG"]
[Date "2016.05.01"]
[Round "10.143"]
[White "Kilpatrick, Callum"]
[Black "Palliser, Richard J D"]
[Result "1/2-1/2"]
[WhiteElo "2363"]
[BlackElo "2416"]
[PlyCount "73"]
[EventDate "2016.05.01"]
[WhiteTeam "Guildford 2"]
[BlackTeam "White Rose 1"]

1. e4 c5 2. Nf3 d6 3. d4 cxd4 4. Qxd4 Nc6 5. Bb5 Bd7 6. Qd3 g6 7. c4 Bg7 8. Nc3
Nf6 9. O-O O-O 10. h3 Rc8 11. Be3 a6 12. Bxc6 Bxc6 13. Rfd1 Nd7 14. Nd4 Ne5 15.
Qe2 Bd7 16. b3 b5 17. f4 Nc6 18. Rac1 bxc4 19. bxc4 Na5 20. Nd5 e6 21. Nb4 Ba4
22. Rd2 Qe7 23. Rb2 Nc6 24. Nbxc6 Bxc6 25. Nxc6 Rxc6 26. Rb3 Rfc8 27. Qd3 Qc7
28. Rb4 Qa5 29. Qb3 d5 30. exd5 exd5 31. c5 d4 32. Bxd4 Bxd4+ 33. Rxd4 Rxc5 34.
Rcd1 Rc1 35. Kh2 Rxd1 36. Rxd1 Rd8 37. Rxd8+ 1/2-1/2

[Event "4NCL Division 1c"]
[Site "Birmingham, ENG"]
[Date "2016.05.01"]
[Round "10.144"]
[White "Wells, Peter K"]
[Black "Suarez Real, Alberto"]
[Result "0-1"]
[WhiteElo "2424"]
[BlackElo "2412"]
[PlyCount "120"]
[EventDate "2016.05.01"]
[WhiteTeam "White Rose 1"]
[BlackTeam "Guildford 2"]

1. e4 c5 2. Nf3 Nc6 3. Bb5 Nf6 4. Bxc6 dxc6 5. d3 Bg4 6. Nbd2 Nd7 7. Nc4 f6 8.
e5 b5 9. exf6 exf6 10. Qe2+ Be7 11. Ne3 Be6 12. Nh4 O-O 13. Nef5 Bxf5 14. Nxf5
Re8 15. Qe6+ Kh8 16. O-O Ne5 17. Nxe7 Rxe7 18. Qf5 c4 19. dxc4 Nxc4 20. a4 Qb6
21. axb5 cxb5 22. b3 Nd6 23. Qd5 Rc8 24. Bf4 Ne4 25. Be3 Qc6 26. Rfd1 h6 27.
Qf5 a6 28. h3 Rce8 29. Rdc1 Nc3 30. Kh1 Ne2 31. Qc5 Qxc5 32. Bxc5 Rc7 33. Bd6
Rc6 34. Rd1 Rd8 35. Rd2 Nc3 36. Bf4 Rxd2 37. Bxd2 Ne4 38. Be3 Rxc2 39. Rxa6
Nxf2+ 40. Bxf2 Rxf2 41. Rb6 Rf5 42. Kh2 Kh7 43. g4 Rd5 44. b4 h5 45. Rb7 Kh6
46. gxh5 Rxh5 47. Kg3 Rd5 48. Kf3 Rh5 49. Kg4 Rg5+ 50. Kf4 Rh5 51. Kg4 Re5 52.
Kf3 g6 53. h4 Rh5 54. Kg3 Rd5 55. Rb6 f5 56. Rb8 Rd3+ 57. Kf4 Rd4+ 58. Ke5 Rxh4
59. Kf6 Kh5 60. Rxb5 Rc4 {time} 0-1

[Event "4NCL Division 1c"]
[Site "Birmingham, ENG"]
[Date "2016.05.01"]
[Round "10.145"]
[White "Wadsworth, Matthew J"]
[Black "Gourlay, Iain"]
[Result "1-0"]
[WhiteElo "2312"]
[BlackElo "2400"]
[PlyCount "97"]
[EventDate "2016.05.01"]
[WhiteTeam "Guildford 2"]
[BlackTeam "White Rose 1"]

1. c4 c6 2. g3 d5 3. Nf3 Nf6 4. Bg2 Bg4 5. Ne5 Be6 6. cxd5 Bxd5 7. Nf3 c5 8.
Nc3 Bc6 9. O-O e6 10. d3 Be7 11. e4 Nbd7 12. Qe2 Qb6 13. h3 O-O 14. Be3 Rfd8
15. Rfd1 Rac8 16. Ne1 Qa6 17. a4 b6 18. b3 Qb7 19. f4 a6 20. g4 b5 21. Qf2 Ne8
22. Bf3 Bf6 23. e5 Be7 24. Bxc6 Rxc6 25. axb5 axb5 26. Ra5 Ra8 27. Rda1 Rxa5
28. Rxa5 Nc7 29. Qa2 Ra6 30. Rxa6 Nxa6 31. Qa5 Nc7 32. Nc2 g5 33. Ne4 Nd5 34.
Nd6 Bxd6 35. exd6 Qb8 36. f5 N5b6 37. fxe6 fxe6 38. b4 Qxd6 39. Qxb5 Qg3+ 40.
Kf1 Qxh3+ 41. Ke1 Qg3+ 42. Kd2 Qg2+ 43. Kc1 Qh1+ 44. Kd2 Qg2+ 45. Kc1 Qh1+ 46.
Kb2 Qd5 47. bxc5 Nxc5 48. Qe8+ Kg7 49. Bd4+ 1-0

[Event "4NCL Division 1c"]
[Site "Birmingham, ENG"]
[Date "2016.05.01"]
[Round "10.146"]
[White "McNab, Colin A"]
[Black "Ciuksyte, Dagne"]
[Result "1-0"]
[WhiteElo "2435"]
[BlackElo "2332"]
[PlyCount "75"]
[EventDate "2016.05.01"]
[WhiteTeam "White Rose 1"]
[BlackTeam "Guildford 2"]

1. c4 c5 2. g3 e6 3. Bg2 d5 4. Nf3 Nf6 5. O-O Nc6 6. e3 d4 7. exd4 cxd4 8. d3
Be7 9. Re1 O-O 10. Na3 Nd7 11. Nc2 e5 12. b4 Nxb4 13. Nxe5 Nxe5 14. Rxe5 Bf6
15. Rb5 Nc6 16. Rab1 Re8 17. Bf4 Qe7 18. Nb4 Nxb4 19. R5xb4 g5 20. Bxb7 Bxb7
21. Rxb7 Qe2 22. Bd6 Qxd1+ 23. Rxd1 Be5 24. Bc5 a6 25. Rdb1 Rac8 26. Re7 Rxe7
27. Bxe7 f6 28. Rb6 Kf7 29. Bb4 Ra8 30. Kg2 g4 31. f4 gxf3+ 32. Kxf3 a5 33.
Rb7+ Kg6 34. Bc5 h5 35. Rd7 Rb8 36. Bxd4 Bxd4 37. Rxd4 Rb2 38. c5 1-0

[Event "4NCL Division 1c"]
[Site "Birmingham, ENG"]
[Date "2016.05.01"]
[Round "10.147"]
[White "Milliet, Sophie"]
[Black "Townsend, M Paul"]
[Result "1/2-1/2"]
[WhiteElo "2353"]
[BlackElo "2258"]
[PlyCount "48"]
[EventDate "2016.05.01"]
[WhiteTeam "Guildford 2"]
[BlackTeam "White Rose 1"]

1. e4 g6 2. d4 Bg7 3. Nc3 d6 4. f4 Nf6 5. Nf3 O-O 6. e5 dxe5 7. fxe5 Nd5 8. Bc4
Be6 9. Nxd5 Bxd5 10. Bxd5 Qxd5 11. Qe2 b5 12. a4 b4 13. c4 bxc3 14. bxc3 c5 15.
c4 Qd7 16. dxc5 Na6 17. Be3 Rac8 18. O-O Nxc5 19. Qf2 Qc7 20. Rad1 Ne4 21. Qh4
Nc3 22. Rd3 Qxc4 23. Qxc4 Rxc4 24. Bxa7 Nxa4 1/2-1/2

[Event "4NCL Division 1c"]
[Site "Birmingham, ENG"]
[Date "2016.05.01"]
[Round "10.148"]
[White "Motycakova, Monika"]
[Black "Kalaiyalahan, Akshaya"]
[Result "0-1"]
[WhiteElo "2176"]
[BlackElo "2212"]
[PlyCount "94"]
[EventDate "2016.05.01"]
[WhiteTeam "White Rose 1"]
[BlackTeam "Guildford 2"]

1. e4 c5 2. Nf3 e6 3. d4 cxd4 4. Nxd4 Nc6 5. Nc3 Qc7 6. Be2 Nf6 7. O-O Be7 8.
Be3 d6 9. f4 O-O 10. Kh1 Nxd4 11. Qxd4 e5 12. Qd2 b6 13. Bd3 Bb7 14. Rae1 Rac8
15. f5 Rfd8 16. Bg5 Qc5 17. Rf3 Qb4 18. Qc1 d5 19. a3 Qd6 20. exd5 Bxd5 21.
Nxd5 Nxd5 22. Rg3 f6 23. Bh6 Bf8 24. Be4 Nf4 25. Bxf4 exf4 26. Rf3 Re8 27. Rd3
Qb8 28. Bd5+ Kh8 29. Be6 Rc5 30. Qd1 Re5 31. Rf1 g6 32. Bf7 R8e7 33. Rd8 Qc7
34. fxg6 hxg6 35. Bxg6 Kg7 36. Bh5 Rxh5 37. Rxf8 f3 38. g3 Kxf8 39. Qxf3 Qb7
40. Qxb7 Rxb7 41. Rxf6+ Rf7 42. Rc6 Re7 43. Kg1 Re2 44. h4 Rc5 45. Rf6+ Kg7 46.
Rd6 Rcxc2 47. Kf1 Red2 0-1

[Event "4NCL Division 1d"]
[Site "Birmingham, ENG"]
[Date "2016.05.01"]
[Round "10.151"]
[White "Pardo Simon, David"]
[Black "Bauer, Christian"]
[Result "1-0"]
[WhiteElo "2493"]
[BlackElo "2631"]
[PlyCount "155"]
[EventDate "2016.05.01"]
[WhiteTeam "Grantham Sharks 1"]
[BlackTeam "3Cs 1"]

1. d4 Nf6 2. c4 c5 3. d5 b5 4. cxb5 a6 5. bxa6 g6 6. Nc3 Bg7 7. e4 O-O 8. a7
Rxa7 9. Nf3 e6 10. Be2 exd5 11. exd5 d6 12. O-O Na6 13. Nd2 Nb4 14. Nc4 Re8 15.
Bg5 h6 16. Bh4 Rae7 17. a3 Na6 18. Bg3 Rd7 19. Bf3 Bf8 20. Qa4 Ra7 21. Qa5 Bf5
22. Nb5 Qxa5 23. Nxa5 Rd7 24. Nc4 Red8 25. Rfe1 Nc7 26. Nxc7 Rxc7 27. Rad1 g5
28. h4 Rb7 29. Bh2 Kg7 30. Rd2 g4 31. Bd1 Ne4 32. Rde2 g3 33. fxg3 Nf6 34. Rf2
Bd3 35. Ne3 c4 36. g4 Ne4 37. Rf4 Rxb2 38. Nf5+ Kg8 39. Rfxe4 Bxe4 40. Rxe4 Rb1
41. Ne3 c3 42. Rc4 Re8 43. Kf2 Be7 44. Rxc3 Bxh4+ 45. Ke2 Bg5 46. Bg1 Bf6 47.
Rd3 Ra1 48. Bf2 Bg5 49. Kf3 Rc8 50. Bg3 Rcc1 51. Bf4 Kh7 52. Bxg5 hxg5 53. Ba4
Ra2 54. Bc6 Kg6 55. a4 Kf6 56. Rb3 Ke5 57. Bb5 Kf6 58. Ke4 Re1 59. Kd4 Rg1 60.
Kc4 Ke5 61. Kb4 Ke4 62. Bc6 Kd4 63. Nc4 Rgxg2 64. Nxd6 Rxg4 65. Nxf7 Rf2 66.
Nd8 Ke5+ 67. Kc5 Rc2+ 68. Kb6 Rh4 69. a5 g4 70. a6 Rh3 71. Rb1 Ra3 72. Nf7+ Kf6
73. Nd6 g3 74. Ne4+ Ke5 75. Nxg3 Rxg3 76. a7 Ra3 77. Re1+ Kd4 78. a8=Q 1-0

[Event "4NCL Division 1d"]
[Site "Birmingham, ENG"]
[Date "2016.05.01"]
[Round "10.152"]
[White "Gordon, Stephen J"]
[Black "Ghasi, Ameet K"]
[Result "1-0"]
[WhiteElo "2496"]
[BlackElo "2459"]
[PlyCount "135"]
[EventDate "2016.05.01"]
[WhiteTeam "3Cs 1"]
[BlackTeam "Grantham Sharks 1"]

1. d4 Nf6 2. c4 g6 3. Nc3 Bg7 4. e4 d6 5. f3 O-O 6. Be3 a6 7. Nge2 Nc6 8. Qd2
Rb8 9. Rc1 Bd7 10. Nd1 e5 11. d5 Ne7 12. g3 Ne8 13. Bg2 c5 14. b4 b6 15. O-O f5
16. Nf2 Nf6 17. Rc2 h5 18. Rb1 h4 19. Rcb2 hxg3 20. hxg3 cxb4 21. Rxb4 Nc8 22.
c5 dxc5 23. Bxc5 Rf7 24. R4b3 Bb5 25. Be3 Nd6 26. a4 Bxe2 27. Qxe2 b5 28. axb5
axb5 29. g4 f4 30. Bc5 Nfe8 31. Ra1 Nc4 32. Nd3 Rc7 33. Bf2 Bf8 34. Ra6 Bd6 35.
Qe1 Qc8 36. Qa1 Re7 37. Rc6 Rc7 38. Ra6 Kh7 39. Be1 Qd8 40. Bc3 Qe7 41. Qe1 Ra7
42. Rxa7 Qxa7+ 43. Qf2 Qa4 44. Rb1 b4 45. Be1 Qa3 46. Bf1 Ne3 47. Qb2 Qa7 48.
Bf2 Qe7 49. Qc1 Nf6 50. Rb3 Qd7 51. Bxe3 fxe3 52. Qxe3 Qe7 53. Kg2 Kg7 54. Be2
Rc8 55. Qd2 Rb8 56. Rb1 Nh7 57. f4 b3 58. Qc3 Re8 59. fxe5 Bxe5 60. Qxe5+ Qxe5
61. Nxe5 Rxe5 62. Bf3 Nf6 63. Rxb3 Kh6 64. Kg3 Kg5 65. Rb4 Re8 66. d6 Nd7 67.
Rb7 Ne5 68. Re7 1-0

[Event "4NCL Division 1d"]
[Site "Birmingham, ENG"]
[Date "2016.05.01"]
[Round "10.153"]
[White "Roberson, Peter T"]
[Black "Buscara, Sevan"]
[Result "1-0"]
[WhiteElo "2377"]
[BlackElo "2350"]
[PlyCount "97"]
[EventDate "2016.05.01"]
[WhiteTeam "Grantham Sharks 1"]
[BlackTeam "3Cs 1"]

1. e4 g6 2. d4 Bg7 3. Nc3 d6 4. Be3 a6 5. Qd2 b5 6. a4 b4 7. Nd1 a5 8. c3 Nf6
9. f3 O-O 10. Bd3 bxc3 11. bxc3 Ba6 12. Nf2 Qc8 13. Ne2 c5 14. O-O Bxd3 15.
Nxd3 Na6 16. Rab1 Nd7 17. Rb5 Nc7 18. Rb2 c4 19. Nf2 e6 20. Bh6 Rb8 21. Rfb1
Rxb2 22. Rxb2 Qa8 23. Ng4 Rb8 24. Rxb8+ Qxb8 25. Bxg7 Kxg7 26. Qh6+ Kg8 27. Qg5
h5 28. Ne3 d5 29. exd5 Nxd5 30. Nxd5 exd5 31. Qxd5 Qc7 32. Ng3 Nf6 33. Qg5 Qb6
34. h4 Qd6 35. Nf5 Qb6 36. Ne3 Kg7 37. Qb5 Qd8 38. Qxc4 Qe7 39. Kf2 Nd7 40. d5
Kh7 41. Qd4 Qa3 42. d6 Qa2+ 43. Kg3 Qa1 44. Kh2 Qa3 45. Nf1 Qa1 46. Ng3 f6 47.
Qe4 Ne5 48. Nxh5 Qxc3 49. Qb7+ 1-0

[Event "4NCL Division 1d"]
[Site "Birmingham, ENG"]
[Date "2016.05.01"]
[Round "10.154"]
[White "Abbas, Daniel"]
[Black "Rendle, Thomas E"]
[Result "1/2-1/2"]
[WhiteElo "2260"]
[BlackElo "2354"]
[PlyCount "43"]
[EventDate "2016.05.01"]
[WhiteTeam "3Cs 1"]
[BlackTeam "Grantham Sharks 1"]

1. e4 e6 2. d4 d5 3. Nd2 c5 4. exd5 exd5 5. Bb5+ Nc6 6. Ngf3 cxd4 7. O-O Bd6 8.
Nb3 Nge7 9. Nbxd4 O-O 10. Be3 Bg4 11. Be2 a6 12. c3 Re8 13. Qd3 Nxd4 14. Nxd4
Bxe2 15. Nxe2 Qc7 16. h3 Rad8 17. Bg5 f6 18. Be3 Qc4 19. Rfd1 Bc7 20. Nd4 Ng6
21. Qd2 Bb8 22. Nf5 1/2-1/2

[Event "4NCL Division 1d"]
[Site "Birmingham, ENG"]
[Date "2016.05.01"]
[Round "10.156"]
[White "Congiu, Mathilde"]
[Black "Batchelor, Peter J"]
[Result "0-1"]
[WhiteElo "2280"]
[BlackElo "2335"]
[PlyCount "138"]
[EventDate "2016.05.01"]
[WhiteTeam "3Cs 1"]
[BlackTeam "Grantham Sharks 1"]

1. Nf3 d5 2. c4 e6 3. b3 Nf6 4. Bb2 c5 5. e3 Nc6 6. Be2 d4 7. exd4 cxd4 8. d3
Bc5 9. O-O O-O 10. Nbd2 e5 11. Re1 h6 12. a3 a5 13. Bf1 Re8 14. Nh4 e4 15. g3
e3 16. Ne4 Nxe4 17. dxe4 Rxe4 18. fxe3 Bg4 19. Be2 Bxe2 20. Rxe2 Rxe3 21. Kg2
Qe7 22. Rxe3 Qxe3 23. Qf3 Re8 24. Rf1 Qxf3+ 25. Nxf3 Re3 26. b4 Rb3 27. bxc5
Rxb2+ 28. Rf2 Rb3 29. Rd2 d3 30. a4 Ra3 31. Kf2 Nb4 32. Ne1 Rxa4 33. Nxd3 Nxd3+
34. Rxd3 Rxc4 35. Rd8+ Kh7 36. Rd7 Rxc5 37. Rxb7 Rc2+ 38. Kf3 Kg8 39. Rb8+ Kh7
40. h4 Rc3+ 41. Kf4 Rc4+ 42. Kf5 Rc5+ 43. Kf4 h5 44. Ra8 Rc4+ 45. Kg5 Rc5+ 46.
Kf4 Kg6 47. Ra6+ f6 48. Ra7 Rc4+ 49. Kf3 a4 50. Ra5 Rg4 51. Rb5 f5 52. Ra5 Kf6
53. Rb5 Ke6 54. Ra5 g6 55. Ra8 Kd6 56. Rc8 Kd7 57. Rc5 Re4 58. Kf2 Rd4 59. Ke3
Rg4 60. Kf3 Rb4 61. Ke3 Kd6 62. Rc8 Kd5 63. Kf3 Rc4 64. Rg8 Kc5 65. Rxg6 a3 66.
Ra6 Kb4 67. Ke2 Kb3 68. Kd3 Ra4 69. Rb6+ Rb4 0-1

[Event "4NCL Division 1d"]
[Site "Birmingham, ENG"]
[Date "2016.05.01"]
[Round "10.157"]
[White "Foisor, Mihaela-Veronica"]
[Black "Walton, Alan J"]
[Result "1-0"]
[WhiteElo "2263"]
[BlackElo "2215"]
[PlyCount "115"]
[EventDate "2016.05.01"]
[WhiteTeam "Grantham Sharks 1"]
[BlackTeam "3Cs 1"]

1. d4 e6 2. c4 d5 3. Nc3 c6 4. e3 Nf6 5. Nf3 Nbd7 6. Qc2 Bd6 7. b3 O-O 8. Be2
Re8 9. O-O dxc4 10. bxc4 e5 11. a4 Qe7 12. Qb3 e4 13. Nd2 c5 14. Ba3 a6 15.
Rfd1 cxd4 16. Bxd6 Qxd6 17. exd4 e3 18. fxe3 Rxe3 19. Nf1 Qf4 20. Bf3 Rxf3 21.
gxf3 Qxf3 22. Qc2 Nf8 23. Qd3 Qh5 24. Ng3 Qh4 25. Nce4 Ng4 26. Ra2 f5 27. Nd6
g6 28. Qf3 Be6 29. d5 Bd7 30. Re1 Qf6 31. Qa3 Qd4+ 32. Kh1 h5 33. Qb2 Qf4 34.
Re7 Ne6 35. Rxd7 Nd4 36. Ra3 h4 37. Kg2 h3+ 38. Kxh3 Qh6+ 39. Nh5 Qxh5+ 40. Kg3
f4+ 41. Kxf4 Rf8+ 42. Rf7 Rxf7+ 43. Nxf7 Nxh2 44. Qxd4 Qh4+ 45. Ke3 Qg3+ 46.
Ke4 Qxa3 47. Ng5 Qxa4 48. d6 Ng4 49. Qd5+ Kg7 50. Qf7+ Kh6 51. Kf4 Kh5 52. d7
Qa5 53. Qh7+ Nh6 54. Ne4 g5+ 55. Ke3 Qb6+ 56. c5 Qb3+ 57. Kd4 Qa4+ 58. Ke5 1-0

[Event "4NCL Division 1d"]
[Site "Birmingham, ENG"]
[Date "2016.05.01"]
[Round "10.158"]
[White "Horton, Jamie A"]
[Black "Varnam, Liam D"]
[Result "1-0"]
[WhiteElo "2110"]
[BlackElo "2139"]
[PlyCount "127"]
[EventDate "2016.05.01"]
[WhiteTeam "3Cs 1"]
[BlackTeam "Grantham Sharks 1"]

1. d4 Nf6 2. c4 c5 3. Nf3 cxd4 4. Nxd4 e5 5. Nb5 d5 6. cxd5 Bc5 7. e3 O-O 8.
N5c3 e4 9. Be2 Qe7 10. a3 Rd8 11. b4 Bd6 12. Bb2 Be5 13. Qb3 Bf5 14. Nd2 Bxc3
15. Qxc3 Rxd5 16. Nb3 Rd8 17. Nd4 Bg6 18. O-O Nc6 19. Nxc6 bxc6 20. Rfd1 Rdc8
21. Rac1 Qf8 22. Ba6 Rc7 23. Qe5 Re7 24. Qd6 Re6 25. Qxf8+ Kxf8 26. Bb7 Rb8 27.
Bxc6 Bh5 28. Rd2 Rc8 29. b5 Ng4 30. Rc5 Bg6 31. h3 Nf6 32. a4 Ne8 33. Ba3 Kg8
34. Rcd5 Rexc6 35. bxc6 Rxc6 36. Rd8 f6 37. R2d7 Ra6 38. Re7 Rxa4 39. Rdxe8+
Bxe8 40. Rxe8+ Kf7 41. Re7+ Kg6 42. Bc5 Ra1+ 43. Kh2 a5 44. Rxe4 a4 45. Re7 Ra2
46. Kg3 Rc2 47. Bd4 a3 48. Kf3 a2 49. g4 Rd2 50. Ra7 h5 51. Kg3 hxg4 52. hxg4
Re2 53. f4 Kh6 54. f5 Rd2 55. Ra8 Kh7 56. g5 fxg5 57. Kg4 Rg2+ 58. Kh5 Rh2+ 59.
Kxg5 Rg2+ 60. Kf4 Rf2+ 61. Kg4 Rd2 62. Ra7 Kg8 63. Rxg7+ Kf8 64. Ra7 1-0

[Event "4NCL Division 1d"]
[Site "Birmingham, ENG"]
[Date "2016.05.01"]
[Round "10.161"]
[White "Chow, Sam"]
[Black "Tan, Justin"]
[Result "1/2-1/2"]
[WhiteElo "2336"]
[BlackElo "2452"]
[PlyCount "59"]
[EventDate "2016.05.01"]
[WhiteTeam "South Wales Dragons"]
[BlackTeam "Oxford 1"]

1. d4 d5 2. c4 c6 3. Nf3 Nf6 4. g3 Bf5 5. Nc3 e6 6. Nh4 Bg6 7. Qb3 Qb6 8. Nxg6
hxg6 9. c5 Qc7 10. Bf4 Qc8 11. Bg2 Nbd7 12. e4 dxe4 13. Nxe4 Nxe4 14. Bxe4 Be7
15. O-O-O Nf6 16. Bg2 Qd7 17. Kb1 Nd5 18. Bc1 b6 19. cxb6 axb6 20. h4 b5 21. g4
Ra4 22. g5 Bd6 23. Bf3 Ke7 24. h5 gxh5 25. Rxh5 Rxh5 26. Bxh5 Qa7 27. Be3 Rb4
28. Qd3 Ra4 29. Qb3 Rb4 30. Qd3 1/2-1/2